Football quizz en I - Statistiques

Statistiques générales
  • Ce quiz a été pris 185 fois
  • Le résultat moyen est 8 sur 10
Statistiques - réponses
Hint Réponse % Correct
Club italien rival de l'AC Milan. Inter
100%
Joueur argentin, actuellement a Galatasaray, j'ai également connu le Stade San Siro et le Parc des princes Icardi
86%
Joueur offensif espagnol ayant passé une grande partie de sa carrière au Real Madrid, aujourd'hui il joue au Real Betis Isco
82%
Prénom d'un célèbre milieu de terrain croate. J'ai connu mon prime au FC Barcelone, je joue aujourd'hui dans un club croate Ivan
82%
Prénom d'un des 2 joueurs de la fratrie "Williams". Ils font fait le bonheur de l'Atletic Bilbao Inaki
79%
Ancien joueur italien ayant passé ma carrière entière en Italie et plus particulièrement l'AC Milan. J'ai marqué quasiment 300 buts dans toute ma carrière. Inzaghi
76%
Prénom d'un défenseur français actuellement titulaire en équipe de France. Très costaud, rapide et bons à la relance. Ibrahima
73%
Nationalité d'un célèbre milieu défensif ayant joué une dizaine d'année à Manchester United. J'ai joué + de 300 matchs en Premier League, je m'appelle Roy Irlandais
69%
Légende du foot, Connu pour ses buts spectaculaire. Classé 4e au ballon d'or en 2013. Ibrahimovic
64%
Défenseur gauche brésilien actuellement au LOSC Ismaily
39%
Aucun quiz correspondant
Distribution des résultats
% des personnes avec chaque résultat
Percentile par nombre de réponses
Votre historique - résultats
Vous n’avez pas pris ce quiz